| 000 | 00485nam a22001817a 4500 | ||
|---|---|---|---|
| 999 |
_c524406 _d524406 |
||
| 003 | NUST | ||
| 005 | 20190620122301.0 | ||
| 020 | _cPaperback | ||
| 038 | _aShaban | ||
| 082 |
_a297.644 _bYAQ |
||
| 100 |
_aYaqoob, Darvaish Muhammad _915230 |
||
| 245 |
_aSeerat fatima _cDarvaish Muhammad Yaqoob |
||
| 260 |
_aPasrour-: _bZeb Astana Alia, |
||
| 300 | _a178 p. ; | ||
| 880 |
_6100-02\r _aدرویش محمد یعقوب |
||
| 880 |
_6245-02\r _aسیرت فاطمہ / |
||
| 942 |
_2ddc _cBK |
||